Artist's Biggest Songs #3 - Statistiken

Allgemein
  • Dieses Quiz wurde 128 mal gespielt
  • Das Durchschnittsergebnis liegt bei 11 aus 15
Antwortstatistiken
Hint Antwort % Korrekt
Bad Romance Always Remember Us This Way Poker Face Die With A Smile Shallow Lady Gaga
94%
Hello Set Fire to the Rain Rolling in the Deep Easy On Me Someone Like You Adele
91%
Womanizer Gimme More Oops!...I Did It Again ...Baby One More Time Toxic Britney Spears
90%
Talking to the Moon That's What I Like When I Was Your Man Locked out of Heaven Just the Way You Are Bruno Mars
85%
Peaches What Do You Mean? Ghost Sorry Love Yourself Justin Bieber
85%
A Sky Full of Stars Viva La Vida Yellow The Scientist Something Just Like This Coldplay
84%
Hotel Room Service Feel This Moment Time of Our Lives Give Me Everything Timber Pitbull
77%
U Remind Me OMG My Boo DJ Got Us Fallin' In Love Yeah! Usher
74%
Empire State of Mind (Part II) Fallin' Girl on Fire No One If I Ain't Got You Alicia Keys
68%
Chlorine Tear in My Heart Ride Heathens Stressed Out Twenty One Pilots
67%
Colorado Down By The River Cocoon Flashed Junk Mind Stolen Dance Milky Chance
63%
Broken Strings I'm Like A Bird Say It Right Maneater Promiscuous Nelly Furtado
60%
Rhinestone Eyes Dare On Melancholy Hill Clint Eastwood Feel Good Inc. Gorillaz
59%
Outside Summer This Is What You Came For We Found Love One Kiss Calvin Harris
57%
Easy Way Out Smoke And Mirrors Hearts A Mess Eyes Wide Open Somebody That I Used To Know Gotye
57%
Keine übereinstimmenden Quizze gefunden
Verteilung der Resultate
Anzahl Personen mit jedem Resultat
Perzentil nach korrekt beantworteten Fragen
Ihre Resultats-Entwicklung
Sie haben dieses Quiz noch nicht gespielt